000 00766nam a22002651 4500
001 23898
003 BD-RjUL
005 20211209001002.0
008 140312s19661959nyu 000 0 eng
035 _a(BD-RjUL)23963
035 _a(OCoLC)1028344
040 _aDLC
_cTxU-Da
_dUk
_dDLC
_dBD-RjUL
_beng
041 _aeng
082 _a914.2
_bCHP 1966
100 1 _aChaudhuri, Nirad C.,
_d1897-1999.
_973581
245 1 2 _aA passage to England /
_cNirad C Chaudhuri
250 _a1st ed.
260 _aNew York :
_bSt. Martin's Press,
_cc1959 [Reprinted 1966].
300 _aviii, 229 p. ;
_c23 cm.
650 0 _aCivilization, Western.
_973582
651 0 _aGreat Britain
_xCivilization.
_973583
942 _2ddc
_cBK
999 _c23898
_d23898